LIBRARY & INFORMATION CENTRE, KCAET, TAVANUR

ONLINE PUBLIC ACCESS CATALOGUE (OPAC)

Course of Mathematics for Engineers and Scientists, Vol 5 / (Record no. 5280)

MARC details
000 -LEADER
fixed length control field 00364cam a2200133ua 4500
020 ## - INTERNATIONAL STANDARD BOOK NUMBER
ISBN 0-08-025060-2
082 ## - DEWEY DECIMAL CLASSIFICATION NUMBER
Classification number 510.2462
Item number CHI/CO
100 ## - MAIN ENTRY--AUTHOR NAME
Personal name Chirgwin, B H .
245 ## - TITLE STATEMENT
Title Course of Mathematics for Engineers and Scientists, Vol 5 /
260 ## - PUBLICATION, DISTRIBUTION, ETC. (IMPRINT)
Place of publication Oxford :
Name of publisher Pergamon Press ,
Year of publication 1964.
300 ## - PHYSICAL DESCRIPTION
Number of Pages 202 ; .
700 1# - ADDED ENTRY--PERSONAL NAME
Personal name Plumpton, C .
942 ## - ADDED ENTRY ELEMENTS (KOHA)
Koha item type Books
Holdings
Withdrawn status Lost status Damaged status Home library Current library Date acquired Full call number Accession Number Koha item type
      KAUAET KAUAET 07/04/2012 510.2462 15687 Books
free website counter